000 00983nam a22003017a 4500
001 9711
003 FISKH
005 20260130095252.0
008 260130b cb ||||| |||| 00| 0 eng d
020 _a9788956353951
040 _aFISKH
_beng
_cFISKH
_dFISKH
050 _aPZ7
082 _a398.2
100 _aGrimm, Brothers
_eAuthor
245 _aMother Holle /
_cBrothers Grimm ; series editor : Jason Wilburn , Ian Bosiak
260 _aSeoul :
_bXACT ,
_c2009
300 _a26 pages :
_bcolor illustrations ;
_c21 cm
490 _aMy first classic readers :
_vLevel 3-9
505 _aJ
520 _aA kind girl finds a magical land at the bottom of the well. What fortune awaits her in the land? Will others be able to follow her path?
521 8 _a500
_bLexile estimate
521 8 _aJ
_bRaz-Plus
650 _aMagical land
_vHard work
650 _aLaziness
_vKindness
700 _aWilburn, Jason
_eSeries editor
942 _2ddc
_cBK
_n0
999 _c9711
_d9711